Statistics for Gunvival Games V5 - Everything

Click here to take the quiz!

General Stats

  • This quiz has been taken 19 times
    (8 since last reset)
  • The average score is 69 of 100

Answer Stats

Realizers% Correct
4-Dimensional Shot
100%
Acidtrail
100%
Amogus Shot
100%
Boltato
100%
Chi
100%
Damage Plus
100%
Delta
100%
Enemy Tracker
100%
Explosive Shot
100%
Forge Tracker
100%
Heavy Shot
100%
High Gravity
100%
Light Shot
100%
Omega
100%
Ping-Pong Path
100%
Poisontrail
100%
Random
100%
rEalizer
100%
Reload Time
100%
Tom
100%
Wallbang
100%
Woman Moment Shot
100%
Zig-Zag Path
100%
Anti-Gravity Path
86%
Bouncy Path
86%
Chest Tracker
86%
Cube of Shelter
86%
Disintegration Shot
86%
Divide by 2
86%
Divide by 3
86%
Energy Efficiency
86%
Firetrail
86%
Fizzle
86%
Genocide
86%
Heavenly Ticket
86%
Hellish Ticket
86%
Horizontal Path
86%
Low-Gravity Path
86%
Low Gravity Path
86%
Rainbow Trail
86%
Turret Shot
86%
Vampiric Battery
86%
Victory Drink
86%
Vodka Shot
86%
Wand of Warping
86%
Anvil Transmutation Shot
71%
Breaker Battery
71%
Clockwork
71%
Colorshifter Tracker
71%
Electro
71%
Glitchy Path
71%
Last Stand
71%
Marker Shot
71%
Omicron
71%
Projectile Tracker
71%
Protection
71%
Rainbow Mode
71%
Sand Transmutation Shot
71%
Yin Yang
71%
Accelerating Path
57%
Attenuation Shot
57%
Burning Shot
57%
Chaotic Path
57%
Decelerating Path
57%
Drilling Shot
57%
Extra Health
57%
Firecracker Shot
57%
Freezing Shot
57%
Glitched Shot
57%
Heavy Spread
57%
Invisible Shot
57%
Laggy Shot
57%
Nuke Remote
57%
Piercing Shot
57%
Projectile Speed
57%
Pyro
57%
Repulsion Field
57%
Silent Shot
57%
Wallbanging Shot
57%
Zero-G Path
57%
Blinding Shot
43%
Cocaine
43%
Dynamo
43%
Glue
43%
Insta-Mine
43%
Martyrdor
43%
Rammer Path
43%
10kV-Hand
29%
Momentum Acceleration
29%
Nauseating Shot
29%
Reflection
14%
Adrenaline
0%
Blank
0%
Causality Collapser
0%
Copium Tank
0%
Koya
0%
Quickcharger
0%
Speed Serum
0%

Score Distribution

Percentile by Number Answered

Percent of People with Each Score

Your Score History

You have not taken this quiz since the last reset